[Event "Titled Tuesday intern op 16th Jan Early"]
[Site "Chess.com INT"]
[Date "2024.01.16"]
[Round "8"]
[White "Garcia Correa, Jose Ricardo"]
[Black "Gonzalez Velez, Fermin"]
[Result "0-1"]
[WhiteElo "2103"]
[BlackElo "2338"]
[PlyCount "32"]
[EventDate "2024.01.16"]
[EventType "swiss (blitz)"]
[EventRounds "11"]
[EventCountry "USA"]
[SourceTitle "CB04_2024"]
[SourceDate "2023.10.16"]
[SourceVersion "1"]
[SourceVersionDate "2023.10.16"]
[SourceQuality "1"]

1. e4 c6 2. d4 d5 3. Nc3 dxe4 4. Nxe4 Nf6 5. Ng5 Bf5 6. N5f3 e6 7. Bd3 Bg4 8. h3 Bh5 9. Qe2 Nbd7 10. c3 Qc7 11. Bg5 Bd6 12. 0-0-0 0-0-0 13. g3 h6 14. Bd2 e5 15. dxe5 Nxe5 16. Nxe5 Bxe2 0-1

[Event "Catalunya-chT"]
[Site "Spain"]
[Date "2004.??.??"]
[Round "?"]
[White "Gonzalez Velez, Fermin"]
[Black "Molina Mansilla, Ricardo"]
[Result "1-0"]
[WhiteElo "2357"]
[BlackElo "2243"]
[PlyCount "95"]
[EventDate "2004.??.??"]
[EventType "team"]
[EventRounds "9"]
[EventCountry "ESP"]
[SourceTitle "EXT 2007"]
[Source "ChessBase"]
[SourceDate "2006.11.23"]
[SourceVersion "1"]
[SourceVersionDate "2006.11.23"]
[SourceQuality "1"]

1. d4 Nf6 2. Bg5 Ne4 3. Bh4 c5 4. f3 g5 5. fxe4 gxh4 6. e3 Qb6 7. Nc3 Qxb2 8. Nd5 e6 9. Nc7+ Kd8 10. Nxa8 Nc6 11. Bd3 Rg8 12. Rb1 Qxa2 13. Nf3 Rxg2 14. Nxh4 Rg8 15. Nf3 cxd4 16. exd4 Qa5+ 17. Kf1 Qh5 18. Rg1 Rg6 19. Rxg6 hxg6 20. Qe2 b6 21. Qg2 Be7 22. Qg3 d6 23. Nxb6 axb6 24. Rxb6 Bd7 25. Ra6 e5 26. d5 Nd4 27. Ra8+ Kc7 28. Ra7+ Kd8 29. Ra8+ Kc7 30. Ra7+ Kd8 31. Nxd4 exd4 32. Be2 Qh6 33. Ra8+ Kc7 34. Qa3 Qh3+ 35. Qxh3 Bxh3+ 36. Ke1 Bd7 37. Kf2 Kb7 38. Rh8 Kb6 39. Kg3 Kc5 40. Rb8 Bf6 41. Rb7 Be8 42. h4 Be5+ 43. Kg4 f5+ 44. exf5 Kxd5 45. Rc7 gxf5+ 46. Kxf5 d3 47. Bxd3 Bh5 48. c3 1-0

[Event "Catalunya-chT"]
[Site "Spain"]
[Date "2004.??.??"]
[Round "?"]
[White "Kalod, Radek"]
[Black "Gonzalez Velez, Fermin"]
[Result "1-0"]
[WhiteElo "2451"]
[BlackElo "2357"]
[PlyCount "101"]
[EventDate "2004.??.??"]
[EventType "team"]
[EventRounds "9"]
[EventCountry "ESP"]
[SourceTitle "EXT 2007"]
[Source "ChessBase"]
[SourceDate "2006.11.23"]
[SourceVersion "1"]
[SourceVersionDate "2006.11.23"]
[SourceQuality "1"]

1. e4 c5 2. Nf3 a6 3. c3 e6 4. d4 d5 5. e5 Bd7 6. a3 c4 7. Nbd2 Nc6 8. g3 Nge7 9. Bg2 Nc8 10. 0-0 Na5 11. Ne1 Nb6 12. f4 Ba4 13. Qe2 Qd7 14. Bh3 g6 15. g4 0-0-0 16. f5 Kb8 17. Ng2 Nb3 18. Nxb3 cxb3 19. Rf3 Nc4 20. Qf2 Be7 21. Bh6 Rde8 22. fxe6 fxe6 23. Rf7 Qb5 24. Nf4 Qb6 25. Bg7 Rhg8 26. Bf6 Bxf6 27. Rxf6 g5 28. Nxd5 exd5 29. Rxb6 Nxb6 30. Bf1 Rgf8 31. Qg2 Rf4 32. Be2 Ref8 33. Rf1 Rxf1+ 34. Bxf1 Rf4 35. Bd3 Bb5 36. Bxb5 axb5 37. e6 Kc7 38. e7 Kd7 39. Qe2 Ke8 40. Qxb5+ Nd7 41. Qxd5 Rxg4+ 42. Kh1 Kxe7 43. Qxb7 Rf4 44. Qb4+ Ke6 45. Qxb3+ Kf6 46. Qd5 Nf8 47. Qe5+ Kg6 48. c4 Kh5 49. c5 Ng6 50. Qe2+ Kh4 51. c6 1-0

[Event "Catalunya-chT"]
[Site "Spain"]
[Date "2003.??.??"]
[Round "1"]
[White "Gonzalez Rodriguez, Jorge Armando"]
[Black "Gonzalez Velez, Fermin"]
[Result "1-0"]
[WhiteElo "2353"]
[BlackElo "2379"]
[PlyCount "95"]
[EventDate "2003.??.??"]
[EventType "team"]
[EventRounds "9"]
[EventCountry "ESP"]
[SourceTitle "EXT 2007"]
[Source "ChessBase"]
[SourceDate "2006.11.23"]
[SourceVersion "1"]
[SourceVersionDate "2006.11.23"]
[SourceQuality "1"]

1. b3 c5 2. Bb2 b6 3. Nf3 Bb7 4. e3 Nf6 5. d4 e6 6. Bd3 Be7 7. Nbd2 Nc6 8. a3 0-0 9. 0-0 d6 10. Qe2 Re8 11. dxc5 bxc5 12. Rfd1 a5 13. e4 Nd7 14. Bb5 Qc7 15. Nc4 Red8 16. Rd2 Nf8 17. Rad1 Na7 18. Ba4 Ng6 19. g3 d5 20. exd5 exd5 21. Nfe5 Bf6 22. Nxg6 hxg6 23. Be5 Bxe5 24. Qxe5 Qxe5 25. Nxe5 d4 26. f4 Rac8 27. Kf2 Nc6 28. Bxc6 Bxc6 29. b4 Bd5 30. c4 Be6 31. Re1 Rd6 32. Nd3 f6 33. Kf3 Rb6 34. g4 Bd7 35. Nc1 Kf7 36. Rde2 Re8 37. Rxe8 Bxe8 38. f5 gxf5 39. gxf5 Rb8 40. Kf4 Bc6 41. h4 Rh8 42. Kg4 g6 43. fxg6+ Kxg6 44. Nd3 f5+ 45. Kh3 Be4 46. Nxc5 Bc2 47. Re6+ Kf7 48. Rd6 1-0

[Event "Catalunya-chT"]
[Site "Spain"]
[Date "2003.??.??"]
[Round "7"]
[White "Gonzalez Velez, Fermin"]
[Black "Baches Garcia, Guillermo"]
[Result "1/2-1/2"]
[WhiteElo "2379"]
[BlackElo "2397"]
[PlyCount "89"]
[EventDate "2003.??.??"]
[EventType "team"]
[EventRounds "9"]
[EventCountry "ESP"]
[SourceTitle "EXT 2007"]
[Source "ChessBase"]
[SourceDate "2006.11.23"]
[SourceVersion "1"]
[SourceVersionDate "2006.11.23"]
[SourceQuality "1"]

1. d4 d5 2. c4 Nc6 3. Nc3 dxc4 4. d5 Ne5 5. f4 Ng6 6. e4 e5 7. dxe6 Qxd1+ 8. Kxd1 fxe6 9. Bxc4 Bd6 10. e5 Bb4 11. Nb5 Ba5 12. Nf3 Bb6 13. Nbd4 Nf8 14. Ke2 Ne7 15. Rd1 h6 16. a4 a6 17. a5 Ba7 18. Be3 Bd7 19. Rac1 g6 20. b4 Rh7 21. Rd2 Nd5 22. Bxd5 exd5 23. Rdc2 c6 24. h3 Bxd4 25. Nxd4 Ne6 26. Nxe6 Bxe6 27. g4 h5 28. Rg1 hxg4 29. hxg4 Rh2+ 30. Kd3 Rh3 31. Kd4 Kd7 32. Rcg2 Rah8 33. Rg3 Rxg3 34. Rxg3 Rh4 35. Kc5 Kc7 36. Bd4 Rxg4 37. Rxg4 Bxg4 38. Be3 Bf3 39. Bd4 Bg4 40. Bf2 Bf5 41. Be3 Bd3 42. Bd4 Kd7 43. Kb6 Ke6 44. Kxb7 Kf5 45. Kxc6 1/2-1/2

[Event "Catalunya-chT"]
[Site "Spain"]
[Date "2003.??.??"]
[Round "8"]
[White "Jerez Perez, Alfonso"]
[Black "Gonzalez Velez, Fermin"]
[Result "1/2-1/2"]
[WhiteElo "2404"]
[BlackElo "2379"]
[PlyCount "65"]
[EventDate "2003.??.??"]
[EventType "team"]
[EventRounds "9"]
[EventCountry "ESP"]
[SourceTitle "EXT 2007"]
[Source "ChessBase"]
[SourceDate "2006.11.23"]
[SourceVersion "1"]
[SourceVersionDate "2006.11.23"]
[SourceQuality "1"]

1. d4 d5 2. c4 Nc6 3. cxd5 Qxd5 4. e3 e5 5. Nc3 Bb4 6. a3 Bxc3+ 7. bxc3 Nf6 8. c4 Qd6 9. d5 Ne7 10. Bb2 0-0 11. Nf3 Ng6 12. Be2 Ne4 13. Nd2 Nc5 14. 0-0 c6 15. Nb1 cxd5 16. cxd5 Qb6 17. Bc3 Rd8 18. Ra2 Bd7 19. Bc4 Rac8 20. Nd2 Na4 21. Ba1 Qa5 22. Qb1 b5 23. Bd3 Nc3 24. Bxc3 Rxc3 25. h3 Rdc8 26. Ne4 Rxa3 27. Rxa3 Qxa3 28. Bxb5 Rb8 29. Qd3 Qxd3 30. Bxd3 Rb3 31. Nc5 Rc3 32. Nxd7 Rxd3 33. Ra1 1/2-1/2

[Event "ESP-chT"]
[Site "Mondariz"]
[Date "2002.12.05"]
[Round "6"]
[White "Moreno Carnero, Javier"]
[Black "Gonzalez Velez, Fermin"]
[Result "1-0"]
[WhiteElo "2503"]
[BlackElo "2379"]
[PlyCount "64"]
[EventDate "2002.11.30"]
[EventType "team"]
[EventRounds "9"]
[EventCountry "ESP"]
[SourceTitle "CBM 091 Extra"]
[Source "ChessBase"]
[SourceDate "2003.01.09"]
[SourceVersion "1"]
[SourceVersionDate "2003.01.09"]
[SourceQuality "1"]

1. e4 c5 2. Nf3 d6 3. c3 e6 4. d4 d5 5. e5 Bd7 6. Nbd2 Nc6 7. Nb3 c4 8. Nbd2 b5 9. Be2 Nge7 10. Nf1 Nc8 11. Ng3 Nb6 12. Nh5 b4 13. 0-0 a5 14. Bd2 Na7 15. Qe1 Na4 16. b3 Nxc3 17. Bxc3 bxc3 18. bxc4 dxc4 19. Qxc3 Rc8 20. Bxc4 Bb4 21. Qb3 0-0 22. a3 Be7 23. d5 a4 24. Qd3 exd5 25. Qxd5 Qc7 26. e6 fxe6 27. Qd4 Rf7 28. Ne5 Nc6 29. Qxd7 Qxd7 30. Nxd7 Nd4 31. Ba2 Bd8 32. Ne5 Rf5 1-0

[Event "Catalunya-chT"]
[Site "Barcelona"]
[Date "2002.??.??"]
[Round "?"]
[White "Martin Gonzalez, Angel"]
[Black "Gonzalez Velez, Fermin"]
[Result "1-0"]
[WhiteElo "2485"]
[BlackElo "2410"]
[PlyCount "39"]
[EventDate "2002.??.??"]
[EventType "team"]
[EventRounds "9"]
[EventCountry "ESP"]
[SourceTitle "EXT 2008"]
[Source "ChessBase"]
[SourceDate "2007.11.25"]
[SourceVersion "1"]
[SourceVersionDate "2007.11.25"]
[SourceQuality "1"]

1. e4 d5 2. exd5 Qxd5 3. Nc3 Qd6 4. d4 Nf6 5. Bc4 a6 6. Nge2 Qc6 7. Qd3 Qxg2 8. Rg1 Qh3 9. Be3 Nc6 10. Nf4 Qd7 11. 0-0-0 Na5 12. Bd5 Nxd5 13. Nfxd5 e6 14. Rde1 Nc6 15. Bf4 Bd6 16. Qg3 Kd8 17. Qxg7 Bxf4+ 18. Nxf4 Re8 19. d5 Qd6 20. Qg5+ 1-0

[Event "Catalunya-ch Absolut"]
[Site "Barcelona"]
[Date "2001.04.12"]
[Round "5"]
[White "Gonzalez Velez, Fermin"]
[Black "Durban Piera, Joan"]
[Result "1-0"]
[WhiteElo "2402"]
[BlackElo "2200"]
[PlyCount "49"]
[EventDate "2001.04.08"]
[EventType "swiss"]
[EventRounds "9"]
[EventCountry "ESP"]
[SourceTitle "EXT 2008"]
[Source "ChessBase"]
[SourceDate "2007.11.25"]
[SourceVersion "1"]
[SourceVersionDate "2007.11.25"]
[SourceQuality "1"]

1. d4 Nf6 2. Bg5 c5 3. Bxf6 gxf6 4. d5 Qb6 5. Qc1 f5 6. c4 d6 7. Nc3 Bg7 8. e3 Nd7 9. Be2 0-0 10. Nf3 Nf6 11. 0-0 Bd7 12. Qc2 Rae8 13. Bd3 e6 14. Rab1 Qd8 15. Rfe1 Kh8 16. Rbd1 a6 17. dxe6 fxe6 18. e4 Ng4 19. exf5 exf5 20. Be2 Bc6 21. Nd5 Ne5 22. b3 Bxd5 23. cxd5 Nxf3+ 24. Bxf3 Be5 25. Be2 1-0

[Event "Catalunya-ch Absolut"]
[Site "Barcelona"]
[Date "2001.04.10"]
[Round "3"]
[White "Gonzalez Velez, Fermin"]
[Black "Castaner Harster, Xavier"]
[Result "0-1"]
[WhiteElo "2402"]
[BlackElo "2172"]
[PlyCount "72"]
[EventDate "2001.04.08"]
[EventType "swiss"]
[EventRounds "9"]
[EventCountry "ESP"]
[SourceTitle "EXT 2008"]
[Source "ChessBase"]
[SourceDate "2007.11.25"]
[SourceVersion "1"]
[SourceVersionDate "2007.11.25"]
[SourceQuality "1"]

1. d4 Nf6 2. c4 e6 3. Nc3 Bb4 4. Bg5 c5 5. d5 b5 6. cxb5 exd5 7. e3 0-0 8. Nf3 a6 9. Be2 axb5 10. 0-0 Bxc3 11. bxc3 Bb7 12. Bxb5 h6 13. Bh4 Re8 14. a4 Na6 15. Rb1 Bc6 16. Qc2 Nc7 17. Qf5 Re6 18. Ne5 Qe8 19. f4 Ne4 20. Rfc1 Nd6 21. Qg4 Ncxb5 22. axb5 Bxb5 23. Rd1 Bc6 24. Rf1 Nc4 25. Nxc4 Rg6 26. Qe2 dxc4 27. Bg3 Be4 28. f5 Rga6 29. Rbd1 Ra2 30. Rd2 Bd3 31. Rxa2 Bxe2 32. Rxe2 Qe4 33. f6 gxf6 34. Rf4 Ra1+ 35. Kf2 Qb1 36. Kf3 Qd1 0-1

[Event "ESP-chT"]
[Site "Barcelona"]
[Date "2000.08.10"]
[Round "6"]
[White "Gonzalez Velez, Fermin"]
[Black "Reinaldo Castineira, Roi"]
[Result "1-0"]
[WhiteElo "2375"]
[BlackElo "2416"]
[PlyCount "84"]
[EventDate "2000.08.05"]
[EventType "team"]
[EventRounds "9"]
[EventCountry "ESP"]
[SourceTitle "CBM 077 Extra"]
[Source "ChessBase"]
[SourceDate "2000.09.14"]
[SourceVersion "1"]
[SourceVersionDate "2000.09.14"]
[SourceQuality "1"]

1. d4 e6 2. c4 c5 3. d5 exd5 4. cxd5 d6 5. Nc3 g6 6. e4 Bg7 7. Bd3 Nf6 8. Nge2 0-0 9. 0-0 a6 10. Bg5 b5 11. f4 c4 12. Bc2 Qb6+ 13. Kh1 Ng4 14. Bh4 Nd7 15. Qc1 Nc5 16. Qd2 b4 17. Nd1 Re8 18. Ng3 c3 19. bxc3 bxc3 20. Nxc3 Qb2 21. e5 dxe5 22. Rab1 Qa3 23. f5 Bh6 24. Bg5 Bxg5 25. Qxg5 Qxc3 26. fxg6 f6 27. gxh7+ Kh8 28. Qg6 Rf8 29. Nh5 Ra7 30. Rb8 Qe3 31. Qxg4 Nd3 32. Qf3 Qxf3 33. gxf3 Rxh7 34. Nxf6 Rc7 35. Bxd3 Rxf6 36. Be4 Kg7 37. Rd1 Rd6 38. Rdb1 Kf6 39. R8b6 Ke7 40. Kg2 Rc5 41. Rxd6 Kxd6 42. Rb6+ Ke7 1-0

[Event "ESP-chT"]
[Site "Barcelona"]
[Date "2000.08.05"]
[Round "1"]
[White "Gonzalez Velez, Fermin"]
[Black "Cano Sanchez, Josue"]
[Result "1-0"]
[WhiteElo "2375"]
[BlackElo "2361"]
[PlyCount "95"]
[EventDate "2000.08.05"]
[EventType "team"]
[EventRounds "9"]
[EventCountry "ESP"]
[SourceTitle "CBM 077 Extra"]
[Source "ChessBase"]
[SourceDate "2000.09.14"]
[SourceVersion "1"]
[SourceVersionDate "2000.09.14"]
[SourceQuality "1"]

1. d4 Nf6 2. Bg5 c6 3. Nc3 Qb6 4. Rb1 d5 5. e3 Bf5 6. Bd3 Bg6 7. Nf3 Nbd7 8. 0-0 e6 9. Qe2 Bd6 10. Bxf6 gxf6 11. Nd2 c5 12. Na4 Qc7 13. dxc5 Nxc5 14. Nxc5 Bxc5 15. Bb5+ Kf8 16. Rbc1 a6 17. Bd3 Rd8 18. Nb3 Ba7 19. Kh1 Qe5 20. c3 Kg7 21. Nd4 Qh5 22. Qd2 Rhg8 23. f4 Be4 24. Bxe4 dxe4 25. Qc2 f5 26. Rcd1 Kh8 27. c4 h6 28. Qb3 Rd7 29. Qc3 Kh7 30. c5 Rdd8 31. b4 Rd5 32. Rc1 Rdd8 33. a4 Rg4 34. Rc2 Rdg8 35. Qe1 a5 36. Nb5 Bb8 37. bxa5 e5 38. Nd6 Rh4 39. g3 Rh3 40. Rg2 Rgxg3 41. Qxg3 Rxg3 42. Rxg3 exf4 43. exf4 Bxd6 44. cxd6 Qe2 45. Rfg1 h5 46. d7 Qd2 47. Rg7+ Kh6 48. Rg8 1-0

[Event "Sant Boi op-A"]
[Site "Sant Boi de Llobregat"]
[Date "2000.05.19"]
[Round "2"]
[White "Gonzalez Velez, Fermin"]
[Black "Lazaro Porta, Angel"]
[Result "1/2-1/2"]
[WhiteElo "2338"]
[BlackElo "2073"]
[PlyCount "43"]
[EventDate "2000.05.12"]
[EventType "swiss"]
[EventRounds "7"]
[EventCountry "ESP"]
[SourceTitle "EXT 2003"]
[Source "ChessBase"]
[SourceDate "2002.11.25"]
[SourceVersion "1"]
[SourceVersionDate "2002.11.25"]
[SourceQuality "1"]

1. d4 d5 2. Bg5 Nd7 3. e3 c6 4. Nf3 Qb6 5. Qc1 h6 6. Bf4 Ngf6 7. c4 c5 8. Nc3 a6 9. cxd5 cxd4 10. exd4 g5 11. Be3 Qd6 12. Be2 Nxd5 13. Nxd5 Qxd5 14. 0-0 Bg7 15. Bc4 Qd6 16. Bb3 b5 17. Bd2 Bb7 18. Qe1 Bf6 19. Bb4 Qf4 20. Bd2 Qd6 21. Rd1 g4 22. Bb4 1/2-1/2

[Event "Catalunya-ch"]
[Site "Barcelona"]
[Date "2000.??.??"]
[Round "5"]
[White "Boix Moreno, Daniel"]
[Black "Gonzalez Velez, Fermin"]
[Result "1-0"]
[WhiteElo "2205"]
[BlackElo "2338"]
[PlyCount "87"]
[EventDate "2000.??.??"]
[EventType "swiss"]
[EventRounds "9"]
[EventCountry "ESP"]
[SourceTitle "EXT 2001"]
[Source "ChessBase"]
[SourceDate "2000.11.22"]
[SourceVersion "1"]
[SourceVersionDate "2000.11.22"]
[SourceQuality "1"]

1. e4 d6 2. d4 g6 3. Nc3 Bg7 4. Be3 a6 5. Nf3 Nd7 6. Bd3 c5 7. a4 b6 8. 0-0 Bb7 9. d5 Ngf6 10. Nd2 0-0 11. Nc4 Ne8 12. Be2 Nc7 13. Qd2 f5 14. f3 Qe8 15. Rab1 Qf7 16. b4 Qf6 17. Nd1 fxe4 18. fxe4 Qh4 19. Nf2 Bd4 20. Bxd4 cxd4 21. Ng4 Ne5 22. Ngxe5 dxe5 23. Nxb6 Rad8 24. Bd3 Rf6 25. Nc4 Rdf8 26. Qe2 Qg5 27. Qd2 Qh4 28. g3 Qh5 29. Be2 Rxf1+ 30. Rxf1 Rxf1+ 31. Bxf1 Bc8 32. Qf2 Bg4 33. d6 exd6 34. Nxd6 Be6 35. Qf6 Qd1 36. Ne8 Nxe8 37. Qxe6+ Kf8 38. Qxe5 Qd2 39. Qh8+ Ke7 40. Qxh7+ Kd8 41. Qxg6 Qe3+ 42. Kg2 Qd2+ 43. Kh3 Qxc2 44. Qg5+ 1-0

[Event "Catalunya-ch"]
[Site "Barcelona"]
[Date "2000.??.??"]
[Round "8"]
[White "Gonzalez Velez, Fermin"]
[Black "Ayza Ballester, Jordi"]
[Result "1-0"]
[WhiteElo "2338"]
[BlackElo "2247"]
[PlyCount "65"]
[EventDate "2000.??.??"]
[EventType "swiss"]
[EventRounds "9"]
[EventCountry "ESP"]
[SourceTitle "EXT 2001"]
[Source "ChessBase"]
[SourceDate "2000.11.22"]
[SourceVersion "1"]
[SourceVersionDate "2000.11.22"]
[SourceQuality "1"]

1. d4 d5 2. Bg5 g6 3. e3 Bg7 4. Nd2 h6 5. Bf4 Nf6 6. Ngf3 g5 7. Bg3 Bf5 8. c4 c6 9. Qb3 Qb6 10. cxd5 Qxb3 11. axb3 cxd5 12. Bxb8 Rxb8 13. Bb5+ Bd7 14. Bxd7+ Nxd7 15. Rxa7 0-0 16. Ke2 Rfc8 17. Rb1 Kf8 18. Ne1 e5 19. dxe5 Nxe5 20. Nd3 Nxd3 21. Kxd3 Ke7 22. Ra5 Ke6 23. Nf3 Rc6 24. Re1 Bxb2 25. Nd4+ Bxd4 26. exd4+ Kd6 27. Re5 b5 28. Ra7 b4 29. Rxf7 Rc3+ 30. Ke2 Rxb3 31. Rf6+ Kc7 32. Re7+ Kd8 33. Ra7 1-0

[Event "Catalunya-ch"]
[Site "Barcelona"]
[Date "2000.??.??"]
[Round "4"]
[White "Gonzalez Velez, Fermin"]
[Black "Campos Moreno, Javier B"]
[Result "0-1"]
[WhiteElo "2338"]
[BlackElo "2512"]
[PlyCount "72"]
[EventDate "2000.??.??"]
[EventType "swiss"]
[EventRounds "9"]
[EventCountry "ESP"]
[SourceTitle "EXT 2001"]
[Source "ChessBase"]
[SourceDate "2000.11.22"]
[SourceVersion "1"]
[SourceVersionDate "2000.11.22"]
[SourceQuality "1"]

1. d4 e6 2. Nf3 d5 3. g3 Nf6 4. Bg2 Be7 5. 0-0 0-0 6. c4 c6 7. Qc2 b6 8. Nbd2 Bb7 9. Rd1 Nbd7 10. b3 Rc8 11. Bb2 c5 12. Rac1 dxc4 13. Qxc4 cxd4 14. Qxd4 Rxc1 15. Rxc1 Nc5 16. Nc4 Qa8 17. Nce5 Rd8 18. Qf4 h6 19. h4 Bd6 20. g4 Ncd7 21. g5 Nxe5 22. Nxe5 hxg5 23. hxg5 Bxe5 24. Qxe5 Ne8 25. e4 Rd2 26. g6 Qd8 27. Bf3 Qf6 28. gxf7+ Qxf7 29. Bc3 Qxf3 30. Bxd2 Bxe4 31. Qh2 Nd6 32. Bf4 Nf5 33. Rc8+ Kf7 34. Rc7+ Kg6 35. Rc1 Qg4+ 36. Bg3 Nd4 0-1

[Event "San Feliu de Guixols op"]
[Site "San Feliu de Guixols"]
[Date "2000.??.??"]
[Round "4"]
[White "Gonzalez Velez, Fermin"]
[Black "Gual Pascual, Antonio"]
[Result "1/2-1/2"]
[WhiteElo "2338"]
[BlackElo "2455"]
[PlyCount "27"]
[EventDate "2000.??.??"]
[EventType "swiss"]
[EventRounds "9"]
[EventCountry "ESP"]
[SourceTitle "EXT 2001"]
[Source "ChessBase"]
[SourceDate "2000.11.22"]
[SourceVersion "1"]
[SourceVersionDate "2000.11.22"]
[SourceQuality "1"]

1. d4 d5 2. Bg5 h6 3. Bh4 c6 4. Nf3 Qb6 5. b3 Bf5 6. e3 e6 7. Bd3 Qa5+ 8. c3 Bxd3 9. Qxd3 Qa6 10. c4 Be7 11. Bxe7 Nxe7 12. 0-0 Nd7 13. Nbd2 0-0 14. Rfc1 1/2-1/2